000 00551nam a2200145Ia 4500
008 100122s9999 xx 000 0 und d
082 _b10728
_a822
100 _aप्रभू बबन
245 _aदिनूच्या सासूबाई राधाबाई
260 _bमॅजेस्टिक बुक स्टॉल
_c1960
300 _a128
630 _aदिनूच्या सासूबाई राधाबाई
730 _aदिनूच्या सासूबाई राधाबाई
942 _cBOOK
999 _c402321
_d402318